| 000 | 00983nam a22002777a 4500 | ||
|---|---|---|---|
| 001 | 03562 | ||
| 003 | HDC | ||
| 007 | cr bn ---aaaaa | ||
| 008 | 210110t2004 nyu||||| |||| 00| 0 eng | ||
| 020 | _a0-8247-4783-6 | ||
| 040 | _aHDC | ||
| 100 |
_aShoup, W. David _eauthor _93070 |
||
| 245 | 0 |
_aAgricultural systems management : optimizing efficiency and performance. Chapter 2 : _bReliability of Agricultural Systems / by _cW. David Shoup |
|
| 260 |
_aNew York : _bMarcel Dekker, _c2004 |
||
| 300 | _a18 pages | ||
| 336 |
_atext _2rdacontent |
||
| 337 |
_acomputer _2rdamedia |
||
| 338 |
_aonline resource _2rdacarrier |
||
| 650 |
_aAgricultural systems _93067 |
||
| 650 |
_aHuman interactions _93074 |
||
| 650 |
_amanagement implications _93073 |
||
| 856 | _zRequest full-text at [email protected] | ||
| 942 | _2lcc | ||
| 942 | _cCHAP | ||
| 942 | _kEBCH 001608 | ||
| 999 |
_c912 _d912 |
||